000 00425nam a2200181Ia 4500
001 23988
005 20260414151014.0
008 260414t2017||||xx |||||||||||||| ||spa||
041 _aESP
082 _a741.5
_bB74
100 _aBordes, Enrique
_eAUT
245 0 _aCómic, arquitectura narrativa
_b
260 _c2017
300 _a405 páginas :
_c24 cm.
650 _aABD
654 _aCAU
942 _cLIB
_dJUS
_fJUS
_2ddc
_n
999 _c23988
_d23988